| 000 | 00638nam a2200217 i 4500 | ||
|---|---|---|---|
| 001 | 140780 | ||
| 003 | ES-MaACL | ||
| 005 | 20230906200142.0 | ||
| 007 | t| | ||
| 008 | 070917s1961 sp ||||1| spa d | ||
| 080 | _a82-311.2"19" | ||
| 100 | 1 |
_aYeh, Chun-Chan. _9117607 |
|
| 245 | 1 | 3 |
_aEl pueblo de la montaña / _cChun-Chan Yeh ; [versión española de Fernando de Diego de la Rosa]. |
| 260 |
_aBarcelona : _bCaralt, _c[1961] |
||
| 300 |
_a240 p. ; _c22 cm. |
||
| 490 | 1 | _aGigante | |
| 700 | 1 |
_aDiego de la Rosa, Fernando de. _944560 |
|
| 830 | 0 |
_aGigante _9181050 |
|
| 852 |
_aES-MaACL _jF-8701 _bR.47989 |
||
| 999 |
_c140780 _d140780 |
||